Word Ladder: The Hundred Acre Wood Quiz Stats

Quiz Updated May 23, 2016

Challenge
Share
Tweet
Embed
Score 0/26 Timer 03:00
2 Plays Today
Hint 3-Letter Word % Correct
To be victorious● WIN ●
98.6%
ObserveSEE
96.6%
Porky, Babe, or Wilbur, e.g.● PIG ●
96.1%
Most common English word● THE ●
95.5%
The one who sells seashells by the seashoreSHE
94.5%
To decayROT
94.2%
IlluminatedLIT
93.4%
Huge, like a heffalumpBIG
93.3%
It lives in your shoeTOE
93.2%
The titular bear keeps his honey in onePOT
93.1%
Allow● LET ●
92.9%
Between game and matchSET
91.5%
Object that could attach Eeyore's tailPIN
91.3%
Hint 3-Letter Word % Correct
___-O-Honey: A candy bar that a certain bear would enjoyBIT
91.1%
Kanga's son plays in a sandy onePIT
90.7%
Kanga's pouch passenger● ROO ●
90.6%
Fish-catching deviceNET
89.9%
Mental acuity (not a trait of a bear with very little brain)WIT
89.2%
Originally called (as in a woman's maiden name)● NÉE ●
88.8%
What sticks become after being tossed in a riverWET
88.3%
'The Tell-Tale Heart' authorPOE
87.8%
What one does for a baby?SIT
85.8%
Mister Hankey's species?● POO ●
84.5%
Is he a wise bird or just long-winded?● OWL ●
84.5%
Black goldOIL
83.6%
Please, in French: ___ vous plaîtS'IL
83.1%

Today's Daily Dose

Missing Word
Actress of Thrones

Word Ladder
Black Phrases

Quick Pick
'B' Beverages

On This Day
February 21st II

You're not logged in!

Compare scores with friends on all Sporcle quizzes.
Sign Up with Email
OR
Log In

You Might Also Like...

Show Comments

Extras

Top Quizzes Today


Score Distribution

Your Account Isn't Verified!

In order to create a playlist on Sporcle, you need to verify the email address you used during registration. Go to your Sporcle Settings to finish the process.